000 00196 a2200097 4500
001 10976
100 _aN. Y.
245 _aThe same Society
260 _a
_bFawcett Premir
_c
090 _c8544
_d8544
942 _aNUST-CAE
_cM
_c35316
999 _c246049
_d246049